L’année 2014 - Statistiques

Statistiques générales
  • Ce quiz a été pris 82 fois
  • Le résultat moyen est 14 sur 28
Statistiques - réponses
Hint Réponse % Correct
À quelle place fini la France lors de la Coupe du monde masculine de basket-ball en 2014 ? 3ème
86%
Dans quel pays s’est déroulé la coupe du monde de football ? Brésil
86%
Le gouvernement français a fait interdire un one-man-show d’un humoriste. Mais de qui ? Dieudonné
83%
Comment s’appelait le challenge durant l’été 2014 qui consistait à se renverser un seau d’eau glacée sur la tête ? Ice Bucket Challenge
82%
Qui reprend l’émission de radio “Les Grosses Têtes” sur RTL en remplacement de Philippe Bouvard ? Laurent Ruquier
81%
Quelle péninsule a été annexé par la Russie ? Crimée
79%
Avec qui le président français, François Hollande a-t-il une liaison révélée par le magazine Closer ? Julie Gayet
78%
Dans quel pays se sont déroulés les Jeux Olympiques d’hiver cette année ? Russie
76%
Qui a remporté le Grand Prix automobile de Bahreïn ainsi que celui de Chine en 2014 ? Lewis Hamilton
75%
Quelle région du Royaume-uni a dit “non” à l’indépendance suite à un référendum ? Écosse
71%
Qui est le nouveau Premier Ministre français nommé le 31 mars 2014 ? Manuel Valls
65%
Comment s’appelle le nouveau président de la Turquie ? Recipe Tayyip Erdogan
64%
Durant quel mois a commencé la guerre de Gaza ? Juillet
60%
Comment s’appelle le compagnon de Nabilla blessé par cette dernière avec un coup de couteau ? Thomas Vergara
50%
Quel pays a adopté l’euro a place du lats et devient le 18ème membre de la zone euro ? Lettonie
47%
Comment s’appelle la Miss France 2015 élue le 6 décembre 2014 ? Camille Cerf
44%
Qui est le président du Sénat français depuis 2014 ? Gérard Larcher
38%
Dans quelle région d’Afrique, l’opération militaire Barkhane se déroule t’elle depuis 2014 ? Sahel
38%
Suite à l’affaire Bygmalion, qui a démissionné de la présidence de l’UMP ? Jean-François Copé
33%
Quel studio de jeux vidéo connu pour avoir créé le jeu Minecraft a été racheté par Microsoft ? Mojang Studios
31%
Vers quelle ville allait le vol Malaysia Airlines 370 avant son accident ? Il est le plus grand mystère de l’aviation. Pékin
26%
Quel pays remporte l’Eurovision 2014 avec sa chanson “Rise like a Phoenix” ? Autriche
24%
Dans quelle ville, un musée dédié au judaïsme a été victime d’un attentat ? Bruxelles
15%
Comment s’appelle le nouveau roi d’Espagne suite à l’abdication de son père ? Felipe VI
14%
Comment s’appelle le nouveau président égyptien ? Abdel Fattah al-Sissi
11%
Comment se nomme le nouveau gratte-ciel à New York, le plus grand de toute la ville ? One World Trade Center
11%
Quel écrivain français ayant écrit notamment “Dora Bruder” ou “Un pedigree” a reçu le prix Nobel de littérature ? Patrick Modiano
10%
En 2014, quel président a été destitué en Ukraine ? Viktor Ianoukovytch
1%
Aucun quiz correspondant
Distribution des résultats
% des personnes avec chaque résultat
Percentile par nombre de réponses
Votre historique - résultats
Vous n’avez pas pris ce quiz